MARC

LEADER 00000nam0a2200000 4500
001 355011
005 20231102010742.0
035 |a (RuTPU)RU\TPU\retro\12270 
090 |a 355011 
100 |a 20200630d1972 k y0rusy50 ca 
101 0 |a rus 
102 |a RU 
105 |a a z 001zy 
200 1 |a Функциональная биохимия нейроглии  |f Л. З. Певзнер  |g Академия наук СССР, Институт физиологии им. И. П. Павлова 
210 |a Ленинград  |c Наука  |d 1972 
215 |a 200 с.  |c ил. 
320 |a Библиогр.: с. 168-198 
606 1 |a Биохимия функциональная  |2 stltpush  |3 (RuTPU)RU\TPU\subj\28789  |9 52273 
610 1 |a нейроглия 
610 1 |a химический состав 
610 1 |a анализ 
610 1 |a биохимические показатели 
610 1 |a цитоспектрофотометрические определения 
610 1 |a система нейрон-нейроглия 
610 1 |a нуклеиновые кислоты 
610 1 |a нервная система 
610 1 |a функционирование 
675 |a 577.1  |v 4 
700 1 |a Певзнер  |b Л. З.  |g Леонид Залманович 
712 0 2 |a Академия наук СССР  |b Институт физиологии им. И. П. Павлова  |c (Ленинград)  |c (1950-1991)  |2 stltpush  |3 (RuTPU)RU\TPU\col\8682  |9 24565 
801 1 |a RU  |b 63413507  |c 20200630 
801 2 |a RU  |b 63413507  |c 20210128  |g RCR 
942 |c BK